000 01130nam a22002537a 4500
005 20080814155123.0
008 080814t xxu||||| |||| 00| f hin d
010 _aHIN-83935
020 _c180.00
_a9788188971282
035 _aHN-56281
037 _bDBAD / PUB
040 _aDPL
_bHN
082 _a
100 _aउमा श्री
245 _aअन्तिम क्षितिज /
_cउमा श्री
246 _aAntim Khishitish
_bby Uma Shree
260 _aगाजियाबाद
_bसमन्वय प्रकाशन
_c2007
270 _aके.बी 97, कविनगर (प्रथम तल)
_bगाजियाबाद
_e201002
300 _a136पृ.
_c22सेमी (सजिल्द)
650 _aहिन्दी कथा साहित्य
650 _aHindi Fiction
942 _2ddc
_cHN
_h
_mउमाश्री
999 _c14869
_d14869